Представление документа в формате MARC21

Поле Инд. ПП Название Значение
Тип записи a
Библиографический уровень a
001 Контрольный номер AdmiBIBL00008856AdmiBIBL-3316-4e
005 Дата корректировки 20180409143919.6
008 Кодируемые данные 021114
040 a Служба первич. каталог. НБ ТвГУ
041 a Код языка текста rus
080 a Индекс УДК 337.5:37(470.331)
091 a Индекс ББК (DOS) Ч474(2РОС)
098 b Факультет Научная библиотека
100 1_ a Автор Козловская Л. Е.
245 10 a Заглавие Работа Научной библиотеки с документами Тверской земской учительской школы им. П. П. Максимовича (1991-2000 гг.)
c Ответственность Л. Е. Козловская, И. И. Феоктистова
650 a Основная рубрика История библиотечного дела
650 a Основная рубрика Научная библиотека ТвГУ
650 a Основная рубрика Школа П.П. Максимовича
650 a Основная рубрика Архивы
650 a Основная рубрика Тверская губерния
653 a Ключевые слова Архивы
a Ключевые слова Библиотека школы Максимовича
a Ключевые слова Исследовательская работа в библиотеке
a Ключевые слова История библиотечного дела
a Ключевые слова Максимович, Павел Павлович, о нем
a Ключевые слова Научная библиотека Тверского университета
a Ключевые слова Тверская губерния
a Ключевые слова Труды Тверского государственного университета
700 1_ a Другие авторы Феоктистова И. И.
700 1_ a Другие авторы Ильина Т. А.
e Роль лиц отв. ред.
773 w Контрольный № источника 7a3709a3-e160-4d5d-a363-a1b30b170704
t Название источника Традиции российской школы: история и современность: (К 130-летию Твер. земской женской учител. шк. им. П. П. Максимовича): Материалы юбил. науч.-метод. конф., 1 дек. 2000 г.,Тверь
d Место и дата издания Тверь: ТвГУ, 2002.
g Прочая информация С. 23-27
852 h Классифик. часть индекса Ч474(2РОС)
i Расстановочный признак Т65
856 u URL http://texts.lib.tversu.ru/texts2/0000786t.pdf
x Примечание для ЭОР Реестр суммарного учета сетевых локальных документов
901 t Тип документа a
930 a Новая/Ретро полный текст
999 a Подразделение 2 ч.з.
a Подразделение 2 аб.
a Подразделение 2 ОРК